[Event "Challenge"]
[Site "http://www.queenalice.com/game.php?id=1859078"]
[Date "2025.6.23"]
[Round "-"]
[White "ricardoaurelio"]
[Black "jogo"]
[Result "1-0"]
[WhiteElo "2033"]
[BlackElo "1841"]

1. e4 c5 2. Nc3 e5 3. Bc4 Nc6 4. Nf3 Nf6 5. Nd5 Nxd5 6. Bxd5 d6 7. d3 Bg4 8. h3
Be6 9. Bxe6 fxe6 10. Be3 Be7 11. h4 h6 12. c3 O-O 13. g4 Qe8 14. g5 hxg5 15.
hxg5 Qf7 16. Rh3 Rad8 17. Qe2 g6 18. Kd2 d5 19. Rah1 Qg7 20. Ke1 d4 21. Rh8+
Qxh8 22. Rxh8+ Kxh8 23. Bd2 dxc3 24. bxc3 Rd7 25. Qf1 Rfd8 26. Qh3+ Kg7 27. Qxe6
Rxd3 28. Be3 R3d6 29. Qb3 Na5 30. Qb5 Rd1+ 31. Ke2 b6 32. Nxe5 Ra1 33. Qb2 Rdd1
34. Kf3 Bd6 35. Ng4 Nc4 36. Qb5 Nxe3 37. Qd7+ Kg8 38. Nh6+ 1-0

[Event "Challenge"]
[Site "http://www.queenalice.com/game.php?id=1859963"]
[Date "2025.7.15"]
[Round "-"]
[White "jogo"]
[Black "ricardoaurelio"]
[Result "0-1"]
[WhiteElo "1604"]
[BlackElo "2059"]

1. e4 e5 2. Nf3 Nc6 3. c3 a6 4. d4 d6 5. dxe5 Nxe5 6. Nxe5 dxe5 7. Qxd8+ Kxd8 8.
Bc4 Ke8 9. O-O Nf6 10. f3 Bc5+ 11. Kh1 h6 12. b4 Bb6 0-1

[Event "Challenge"]
[Site "http://www.queenalice.com/game.php?id=1859964"]
[Date "2025.7.15"]
[Round "-"]
[White "ricardoaurelio"]
[Black "jogo"]
[Result "1/2-1/2"]
[WhiteElo "2068"]
[BlackElo "1698"]

1. e4 c5 2. Nc3 Nf6 3. Nf3 d6 4. Bb5+ Bd7 5. d3 Bxb5 6. Nxb5 a6 7. Nc3 b5 8. a3
b4 9. axb4 cxb4 10. Nd5 Nxd5 11. exd5 h6 12. Bd2 Qb6 13. Qe2 a5 14. Qe4 Nd7 15.
O-O Nf6 16. Qc4 Qb7 17. Qc6+ Qxc6 18. dxc6 Nd5 19. c4 bxc3 20. bxc3 a4 21. c4
Nc7 22. d4 g6 23. Rfb1 Bg7 24. Rxa4 O-O 25. Rab4 e5 26. dxe5 dxe5 27. Bc3 e4 28.
Bxg7 Kxg7 29. Ne5 Ra5 30. Nd7 Re8 31. c5 e3 32. fxe3 Rxe3 33. Kf2 Nd5 34. c7
Ra2+ 35. R4b2 Rxb2+ 36. Rxb2 Re8 37. Rb8 Nxc7 38. Rxe8 Nxe8 39. Ke3 f5 40. Kd4
Kf7 41. Kd5 Ke7 42. Ne5 Kf6 43. g3 Nc7+ 44. Kd6 Nb5+ 45. Kd5 Nc7+ 46. Kd6 Nb5+
47. Kd5 Nc7+ 48. Kd6 Nb5+ 49. Kd5 1/2-1/2

[Event "Challenge"]
[Site "http://www.queenalice.com/game.php?id=1859973"]
[Date "2025.7.15"]
[Round "-"]
[White "jogo"]
[Black "ricardoaurelio"]
[Result "0-1"]
[WhiteElo "1732"]
[BlackElo "1998"]

1. d4 d5 2. c4 c6 3. Nc3 Nf6 4. h3 e6 5. Bg5 Be7 6. Nf3 h6 7. Bxf6 Bxf6 8. cxd5
cxd5 9. e4 Nc6 10. e5 Be7 11. a3 O-O 12. Qc2 Qa5 13. O-O-O Bd7 14. Kb1 f5 15.
exf6 Bxf6 16. Qg6 Be8 17. Qg4 Bf7 18. Bd3 Qd8 19. h4 h5 20. Qh3 Nxd4 21. Nxd4
Bxd4 22. Bh7+ Kxh7 23. Rxd4 Qb6 24. Rb4 Qxf2 25. g4 b6 26. gxh5 Bxh5 27. Ka2
Rae8 28. Rh2 Rf3 29. Rxf2 Rxh3 30. Rg2 Rf8 31. Nb5 a5 32. Ra4 e5 33. Rg1 e4 34.
Rg5 Be2 35. Nd6 Rxh4 36. Rxd5 Bd3 37. Nf5 Rh1 38. Ng3 Re1 39. Rh5+ Kg8 40. Nf5
Rf7 41. Rg5 Kf8 42. Rd4 Rc7 43. Rd8+ Kf7 44. Rxg7+ Kf6 45. Rf8+ Ke5 46. Rxc7
Bb1+ 47. Kb3 Rd1 48. Re7+ Kf4 49. Nd6+ Ke3 0-1

[Event "Challenge"]
[Site "http://www.queenalice.com/game.php?id=1859974"]
[Date "2025.7.15"]
[Round "-"]
[White "ricardoaurelio"]
[Black "jogo"]
[Result "1/2-1/2"]
[WhiteElo "2024"]
[BlackElo "1720"]

1. e4 c5 2. Nc3 Nc6 3. Nf3 e6 4. Bc4 Nf6 5. d3 Na5 6. Bb3 Nxb3 7. axb3 Be7 8.
O-O h6 9. h3 d5 10. exd5 exd5 11. Re1 d4 12. Ne4 Nxe4 13. Rxe4 O-O 14. c3 Bf5
15. Re5 Bg6 16. Bf4 dxc3 17. bxc3 b6 18. Re3 Bf6 19. Rc1 Bh7 20. c4 g5 21. Bg3
h5 22. Be5 Bxe5 23. Rxe5 f6 24. Rd5 Qc7 25. d4 Be4 26. Rxg5+ fxg5 27. Nxg5 Bf5
28. Qxh5 Qf4 29. Re1 Bd3 30. f3 Qxd4+ 31. Kh1 Qc3 32. Re6 Qc1+ 33. Kh2 Qf4+ 34.
Kg1 Qc1+ 35. Kf2 Qb2+ 36. Kg3 Bf5 37. Re7 Qh8 38. Nh7 Qxh7 39. Rxh7 Bxh7 40.
Qg5+ Kh8 41. Qe5+ Kg8 42. Qg5+ Kh8 43. Qe5+ Kg8 44. Qd5+ Kg7 45. Qg5+ Kh8 46.
Qe5+ Kg8 47. Qd5+ Kg7 48. Qe5+ Kg8 49. Qd5+ Kg7 50. Qe5+ Kg8 51. Qd5+ 1/2-1/2

[Event "AUTO-ADV-4854"]
[Site "http://www.queenalice.com/game.php?id=1861306"]
[Date "2025.8.8"]
[Round "2"]
[White "silverado"]
[Black "ricardoaurelio"]
[Result "0-1"]
[WhiteElo "1976"]
[BlackElo "2041"]

1. d4 d5 2. Nf3 Bf5 3. a3 Nc6 4. Nc3 Nf6 5. h3 h6 6. g4 Bh7 7. Bg2 Ne4 8. Ne5
Nxe5 9. dxe5 Nxc3 10. bxc3 e6 11. f4 Bc5 12. e3 Qh4+ 13. Kf1 Qg3 14. Qe2 c6 15.
a4 a5 16. h4 Be4 17. Rh3 Bxg2+ 18. Qxg2 Qxg2+ 19. Kxg2 g6 20. Bb2 Rb8 21. h5 b5
22. axb5 Rxb5 23. Ra2 Bb6 24. Ba3 c5 25. hxg6 fxg6 26. f5 gxf5 27. g5 h5 28. Kg3
Kf7 29. Kf4 Rb1 30. Rb2 Rxb2 31. Bxb2 c4 32. Ba3 Kg6 33. Be7 Re8 34. Bd6 a4 35.
Bb4 Ra8 36. Ba3 Bd8 37. Rg3 Rb8 38. Bb4 Rb7 39. Rg1 h4 40. Bf8 Be7 41. Bh6 a3
42. Rh1 Kh5 43. Ra1 Rb2 44. Rc1 a2 45. Ra1 Rb1 0-1

[Event "AUTO-ADV-4854"]
[Site "http://www.queenalice.com/game.php?id=1861307"]
[Date "2025.8.8"]
[Round "2"]
[White "ricardoaurelio"]
[Black "silverado"]
[Result "0-1"]
[WhiteElo "2012"]
[BlackElo "2059"]

1. e4 e5 2. Nf3 Nc6 3. Bc4 h6 4. O-O Bc5 5. Nc3 d6 6. h3 Nf6 7. d3 O-O 8. Nd5
Na5 9. a3 Nxc4 10. dxc4 Nxe4 11. Qe2 c6 12. Qxe4 f5 13. Qe2 e4 14. Nh2 cxd5 15.
cxd5 Qh4 16. Be3 b6 17. c4 f4 18. Bxc5 bxc5 19. Qxe4 Bf5 20. Qf3 g5 21. g4 fxg3
22. Qxg3 Bxh3 23. Qxh4 gxh4 24. Rfe1 Rf6 25. Re3 Bf5 26. Kh1 Kh8 27. Rg1 Raf8
28. f3 h5 29. Rg5 Rh6 30. Re7 a6 31. Nf1 Bd3 32. Nd2 h3 33. Kh2 Bf5 34. Reg7 h4
35. Ra7 Bc8 36. Rag7 Re8 37. Kg1 Rf8 38. Ne4 Bf5 39. b3 Bxe4 40. fxe4 Rhf6 41.
Re7 Rf1+ 42. Kh2 R8f2+ 43. Kxh3 Rh1+ 44. Kg4 Rg2+ 45. Kh5 Rxg5+ 46. Kxg5 h3 47.
Kh6 Kg8 48. Rg7+ Kf8 49. Rg3 h2 50. Rg2 Kf7 51. Rf2+ Ke7 52. Rb2 Kf6 53. Kh5 Ke5
54. Re2 Kd4 55. Kh4 Kd3 56. Rg2 Kxe4 57. Kh3 Kd3 58. Rg3+ Kc2 59. Rg6 Kxb3 60.
Rxd6 Kxc4 61. Rxa6 Kxd5 62. Ra8 c4 63. Rd8+ Ke4 64. Rc8 Kd3 65. Rd8+ Kc3 66. Rb8
Kc2 67. a4 c3 68. Rb5 Kd2 69. Rd5+ Kc1 70. Kg2 Re1 71. Kxh2 Kb2 72. Rb5+ Ka3 73.
Rc5 Kb4 74. Rc8 Re2+ 75. Kg3 c2 76. Rb8+ Kxa4 77. Rc8 Kb3 78. Kf3 Rd2 79. Ke3
Rd1 80. Rb8+ Ka2 81. Ra8+ Kb1 82. Rb8+ Kc1 83. Ke2 Rh1 84. Rb7 Rh2+ 85. Ke1 Rd2
86. Rb6 Rd7 87. Ke2 Re7+ 88. Kf2 Re5 89. Rb7 Rd5 90. Ke2 Re5+ 91. Kf2 Kd2 92.
Rd7+ Kc3 93. Rc7+ Kb3 94. Rb7+ Kc4 0-1

[Event "AUTO-ADV-4854"]
[Site "http://www.queenalice.com/game.php?id=1861310"]
[Date "2025.8.8"]
[Round "2"]
[White "askasl159"]
[Black "ricardoaurelio"]
[Result "0-1"]
[WhiteElo "1957"]
[BlackElo "2039"]

1. e4 e5 2. f4 exf4 3. Nf3 d6 4. Bc4 Nf6 5. Nc3 Qe7 6. Qe2 Nc6 7. d4 Bg4 8. O-O
Bxf3 9. Qxf3 Nxd4 10. Qxf4 Nxc2 11. Rb1 Qe5 12. Qxe5+ dxe5 13. Rf2 Nd4 14. Be3
Bc5 15. Rd1 Rf8 16. a3 Ne2+ 17. Rxe2 Bd6 18. Bg5 Rd8 19. Nd5 h6 20. Bxf6 gxf6
21. Nxf6+ Ke7 22. Ng4 Bc5+ 23. Kf1 Rxd1+ 24. Re1 Rxe1+ 25. Kxe1 Bd4 26. b4 h5
27. Nf2 Bb2 28. a4 Bc3+ 29. Ke2 Bxb4 30. Nd3 Bd6 31. h4 Rd8 32. Kf3 Kf6 33. g4
hxg4+ 34. Kxg4 Rg8+ 35. Kf3 Rg7 36. Nf2 Kg6 37. Nh3 Kh5 38. Ng5 f6 39. Ne6 Rg6
40. Nd8 b6 41. Bf7 Kh6 42. Bxg6 Kxg6 43. Kg4 c5 44. h5+ Kg7 45. Nb7 c4 46. Kf3
Bc7 47. Ke3 a6 48. Kd2 Kh6 49. Kc3 b5 50. axb5 axb5 51. Nc5 Ba5+ 52. Kc2 Kxh5
53. Nb7 Bb4 54. Nd8 Kg4 55. Nc6 Bc5 56. Na5 Kf4 57. Nb7 Be7 58. Kc3 Kxe4 59. Na5
Bc5 60. Nc6 f5 0-1

[Event "AUTO-ADV-4854"]
[Site "http://www.queenalice.com/game.php?id=1861311"]
[Date "2025.8.8"]
[Round "2"]
[White "ricardoaurelio"]
[Black "askasl159"]
[Result "1-0"]
[WhiteElo "2028"]
[BlackElo "1909"]

1. e4 e5 2. Nf3 Nc6 3. Bc4 h6 4. O-O Nf6 5. d3 Bc5 6. h3 O-O 7. Nc3 Re8 8. Nd5
Nd4 9. Nxd4 Bxd4 10. c3 Bc5 11. Qf3 Nxd5 12. Bxd5 Qe7 13. b4 Bb6 14. Be3 Bxe3
15. Qxe3 c6 16. Bb3 d6 17. Qf3 Be6 18. Rfe1 Bxb3 19. axb3 Qd7 20. c4 b5 21. Ra6
Qb7 22. Rea1 Re7 23. c5 d5 24. exd5 cxd5 25. Rd6 d4 26. c6 Qc7 27. Qd5 a6 28.
Rc1 Kh7 29. Ra1 a5 30. bxa5 Rxa5 31. Rxa5 Qxa5 32. Rd7 Re8 33. c7 f6 34. Qf7 1-0

[Event "Challenge"]
[Site "http://www.queenalice.com/game.php?id=1863500"]
[Date "2025.9.27"]
[Round "-"]
[White "jogo"]
[Black "ricardoaurelio"]
[Result "1-0"]
[WhiteElo "1874"]
[BlackElo "2037"]

1. e4 e5 2. Nf3 Nc6 3. c3 Bc5 4. d4 Bd6 5. d5 Nce7 6. Bb5 a6 7. Bd3 c6 8. Bc2
cxd5 9. exd5 Nf6 10. O-O Nexd5 11. Bg5 Qb6 12. Bc1 O-O 13. h3 Bc7 14. c4 Nb4 15.
Be3 Qc6 16. Bb3 Qd6 17. Qxd6 Bxd6 18. c5 Bc7 19. Nc3 h6 20. a3 Nd3 21. Rad1 Nxb2
22. Rd2 e4 23. Nh4 Nd3 24. Bc4 Ne5 25. Ba2 Kh7 26. f4 Ng6 27. Nxg6 fxg6 28. Nd5
Nxd5 29. Rxd5 Rf5 30. Rd2 Ba5 31. Rd4 Rxc5 32. Rxe4 Rc3 33. Bd4 Rxa3 34. Ra1 Bb4
35. Bb2 Rd3 36. Rxb4 d5 37. Re1 b5 38. Re7 h5 39. Rxg7+ Kh6 40. Rg8 Rd1+ 41. Kh2
Kh7 42. Rh8# 1-0

[Event "Challenge"]
[Site "http://www.queenalice.com/game.php?id=1863501"]
[Date "2025.9.27"]
[Round "-"]
[White "ricardoaurelio"]
[Black "jogo"]
[Result "1-0"]
[WhiteElo "2014"]
[BlackElo "1856"]

1. e4 c5 2. Nc3 e6 3. Bc4 Nc6 4. Nf3 Na5 5. b3 Nxc4 6. bxc4 d6 7. d3 a6 8. a4 h6
9. O-O Be7 10. Rb1 Bf6 11. Bd2 Rb8 12. Re1 Ne7 13. e5 dxe5 14. Nxe5 O-O 15. Qh5
Qc7 16. Bf4 Qa5 17. Rb3 g6 18. Qxh6 Bg7 19. Qh4 Nf5 20. Qh3 Nd4 21. Bd2 Nxb3 22.
cxb3 Qc7 23. Bf4 Ra8 24. Qe3 b6 25. Nxg6 Qd8 26. Nxf8 Bxc3 27. Bh6 Bg7 28. Nxe6
Bxe6 29. Qg3 Qd4 30. h3 Kh7 31. Bxg7 Qxg7 32. Qc7 Rc8 33. Qxb6 Qc3 34. Re3 Qc1+
35. Kh2 Rg8 36. Qb7 Qf1 37. Rxe6 Qxf2 38. Re7 Qf4+ 39. Kh1 Qf1+ 40. Kh2 Rg7 41.
Qe4+ Kh6 42. Qh4+ Kg6 43. Qg4+ Kh6 44. Qh4+ Kg6 45. Re5 Qf6 46. Qh5# 1-0

[Event "Challenge"]
[Site "http://www.queenalice.com/game.php?id=1863696"]
[Date "2025.10.2"]
[Round "-"]
[White "jogo"]
[Black "ricardoaurelio"]
[Result "1-0"]
[WhiteElo "1831"]
[BlackElo "2058"]

1. e4 e5 2. Nf3 Nc6 3. c3 Nf6 4. Qa4 Bc5 5. d4 exd4 6. cxd4 Bb6 7. d5 Ba5+ 8.
Nc3 Bxc3+ 9. bxc3 Ne7 10. h3 O-O 11. Be3 a6 12. Qc2 d6 13. O-O-O Qe8 14. Bd3 Ng6
15. g4 h6 16. g5 hxg5 17. Bxg5 Nh7 18. Be3 b5 19. h4 Bg4 20. Be2 Qe7 21. h5 Ne5
22. Nxe5 Qxe5 23. Bxg4 1-0